| 000 | 00786nam a22002057a 4500 | ||
|---|---|---|---|
| 999 |
_c11004 _d11004 |
||
| 003 | AR-CdUCM | ||
| 008 | 190402b ||||| |||| 00| 0 spa d | ||
| 040 |
_aMUNICIPALIDAD PROVINCIAL DEL CUSCO _cBIBLIOTECA MUNICIPAL DEL CUSCO |
||
| 082 |
_a301.04 / _bE31 / 1946 |
||
| 100 |
_aEguiguren, Luis Antonio _925821 |
||
| 245 | _aSociología sexual (charlas culturales por Radio Nacional) / | ||
| 260 |
_aLima : _bPeruana, _c1946. |
||
| 300 |
_a221 páginas ; _c20 cm. |
||
| 505 | _aContenido: La emancipación de la mujer -- Matrimonio y eugenesia -- La educación sexual -- Amor o interés en el matrimonio -- La disolución del matrimonio ... | ||
| 650 |
_aSociología _9276 |
||
| 650 |
_aEducación sexual _96369 |
||
| 650 |
_aMatrimonio _916386 |
||
| 942 |
_2ddc _cLIBROS |
||
| 945 | _aacv | ||